| 000 | 00000nam 2200000zi 4500 |
| 001 | 9.867926 |
| 003 | CaOODSP |
| 005 | 20221107162438 |
| 006 | m o d f |
| 007 | cr ||||||||||| |
| 008 | 190201s1960 onc ot f|0| 0 eng d |
| 040 | |aCaOODSP|beng|erda|cCaOODSP |
| 043 | |an-cn--- |
| 086 | 1 |aM38-1/65-1960E-PDF |
| 100 | 1 |aTingley, I. I., |eauthor. |
| 245 | 12|aA corrosion study in processing uranium ore / |cby I. I. Tingley and R. R. Rogers. |
| 264 | 1|a[Ottawa ] : |bDepartment of Mines and Technical Surveys, |c1960. |
| 300 | |a1 online resource (6 pages) |
| 336 | |atext|btxt|2rdacontent |
| 337 | |acomputer|bc|2rdamedia |
| 338 | |aonline resource|bcr|2rdacarrier |
| 490 | 1 |aMines Branch Research Report ; |vR 65 |
| 500 | |a"January 1960." |
| 500 | |a"Reprint of Paper "Corrosion of Mild Steel and Stainless Steel Type 316L in Concentrated Sulphate - Carbonate - Bicarbonate - Chloride Solutions Approaching Those Used in Grinding and Leaching Uranium Ore" in The Canadian Mining and Metallurgical Bulletin, January 1960 (C.I. M. M Transactions, Volume LXIII, 1960, pp. 16-21)." |
| 504 | |aIncludes bibliographic references. |
| 692 | 07|2gccst|aMetals |
| 700 | 1 |aRogers, R. R.|q(Raymond Robinson),|d1903- |eauthor. |
| 710 | 1 |aCanada. |bDepartment of Mines and Technical Surveys. |
| 710 | 1 |aCanada. |bMines Branch. |
| 830 | #0|aResearch report (Canada. Mines Branch)|vR 65.|w(CaOODSP)9.855660 |
| 856 | 40|qPDF|s2.16 MB|uhttps://publications.gc.ca/collections/collection_2019/rncan-nrcan/m38-1/M38-1-65-1960-eng.pdf |